நாளை தீனி... /

Naalaiya theeni...
Saved in:
Bibliographic Details
Format: Book
Language:English
Published: மட்டக்களப்பு : எழுத்தாளர் ஊக்குவிப்பு மையம் , 2008.
Tags: Add Tag
No Tags, Be the first to tag this record!

MARC

LEADER 00000nam a2200000 4500
003 LK-CoNLD
005 20251206145408.0
008 251206b xxu||||| |||| 00| 0 eng d
017 |b LK-CoDNA 
020 |a 9558715034 
040 |a LK-CoNLD  |b TAM  |c LK-CoNLD  |d LK-CoNLD 
245 |6 880-1  |a நாளை தீனி... /  |c ஓ. கே. குணநாதன். 
260 |a மட்டக்களப்பு :  |b எழுத்தாளர் ஊக்குவிப்பு மையம் ,  |c 2008. 
300 |a ப. 131 ; 
880 |6 245-1  |a Naalaiya theeni... 
942 |c BOOK 
945 |a 22  |b Logeshwary RAMASAMY  |c 22  |d Logeshwary RAMASAMY 
999 |c 294972  |d 294972